| 000 | 01192cam a2200325 a 4500 | ||
|---|---|---|---|
| 001 | 15918218 | ||
| 005 | 20161012151942.0 | ||
| 007 | co |g||||||||| | ||
| 008 | 090923s2009 nyua 001 0 eng | ||
| 010 | _a 2009037842 | ||
| 020 | _a9780071632997 (hbk.) | ||
| 020 | _a0071632999 (hbk.) | ||
| 035 | _a(OCoLC)ocn318409069 | ||
| 040 |
_aDLC _cDLC _dYDX _dDLC |
||
| 050 | 0 | 0 |
_aHD69.P75 _bP4943 2009 |
| 082 | 0 | 0 |
_a658.404076 _222 _bPHI |
| 100 | 1 |
_aPhillips, Joseph. _911428 |
|
| 245 | 1 | 0 |
_aAll-in-one CAPM/PMP project management certification : _bexam guide/ _cJoseph Phillips. |
| 246 | 3 | _aCAPM/PMP project management certification all-in-one exam guide | |
| 250 | _a2nd ed. | ||
| 260 |
_aNew York : _bMcGraw-Hill, _cc2009. |
||
| 300 |
_axxi, 552 p. : _bill. ; _c24 cm. + _e1 CD-ROM (4 3/4 in.). |
||
| 490 | 1 | _aAll-in-one | |
| 500 | _aIncludes index. | ||
| 538 | _aSystem requirements: 50 MB of hard disk space; Windows 98; Internet Explorer 5.0. | ||
| 650 | 0 |
_911429 _aProject management _xExaminations _vStudy guides |
|
| 830 | 0 |
_aAll-in-one (Series) _911430 |
|
| 942 |
_2ddc _cBB |
||
| 999 |
_c13402 _d13402 |
||